00737nam a2200217Ia 4500003000400000005001700004008004100021040000700062041000800069082002300077100004600100245007400146250000600220260003800226300001500264650003000279906007000309942001200379999001900391952010900410OSt20230401130024.0210423s1961 xx 000 0 und d cAL aeng a541.394 223bFROK aFROST (Arthur A);PEARSON (Ralph G)982009 aKinetics and mechanism: a study of homogeneous chemical reaction Ed 2 a2 aNew YorkbJohn Wiley & Sonsc1961 aix,405bHB aPhysical Chemistry982010 achemical ; homogeneous ; Kinetics ; mechanism: ; reaction ; study 2ddccBK c169049d169049 001040708GCaSACPGbSACPGd2018-03-15l0o541.394 FROKpPG015551r2022-08-24 00:00:00w2021-04-26yBK